ロード中...
Essence of time management
| 第一著者: | |
|---|---|
| フォーマット: | Printed Book |
| 言語: | Undetermined English |
| 出版事項: |
Bombay
Jaico Publishing House
1995
|
| 主題: |
| LEADER | 00683nam a2200193Ia 4500 | ||
|---|---|---|---|
| 008 | 140306s9999 xx 000 0 und d | ||
| 020 | |a 8172244061 | ||
| 041 | |a eng | ||
| 082 | |a 658 |b LEB/ES | ||
| 100 | |a Boeuf, Michael Le | ||
| 245 | |a Essence of time management | ||
| 260 | |a Bombay |b Jaico Publishing House |c 1995 | ||
| 300 | |a 375 | ||
| 365 | |b Rs. 600 | ||
| 650 | |a General managementq | ||
| 942 | |2 ddc |c BK | ||
| 999 | |c 179019 |d 179019 | ||
| 952 | |0 0 |1 0 |2 ddc |4 0 |6 658_000000000000000_LEB_ES |7 0 |9 184111 |a KAUCBV |b KAUCBV |g 600.00 |o 658 LEB/ES |r 2014-03-22 |w 2014-03-22 |y BK | ||
| 952 | |0 0 |1 0 |2 ddc |4 0 |6 658_000000000000000_LEB_ES |7 0 |9 184112 |a KAUCBV |b KAUCBV |g 600.00 |o 658 LEB/ES |r 2014-03-22 |w 2014-03-22 |y BK | ||